000 00298nam a2200109Ia 4500
008 180116s9999 xx 000 0 und d
020 _a9781305584754
245 _cFrances E. Campeau, Jeana Fleitz
_aLimited Radiography
250 _a4th ed
260 _bCengage Learning
_c2017
300 _a556 pages
999 _c353259
_d353259